| 000 | 00571nam a22002057a 4500 | ||
|---|---|---|---|
| 003 | Ost | ||
| 005 | 20260225083736.0 | ||
| 008 | 260225b |||||||| |||| 00| 0 eng d | ||
| 020 | _a9781119481645 | ||
| 040 | _cBT-PhCST | ||
| 050 | _a25596-25597 | ||
| 082 |
_222 _a629.25024 _bXIO |
||
| 100 | _a Xiong, Rui. | ||
| 245 | _aAdvanced battery management technologies for electric vehicles / | ||
| 260 |
_aIndia : _bJoh Wiley and Sons, _cc2019. |
||
| 300 |
_axxii, 256 p. : _bill. ; _c25 cm. |
||
| 500 | _aIncludes index. | ||
| 700 | _aShen, Weixiang. | ||
| 942 |
_2ddc _cEE |
||
| 999 |
_c10140 _d10140 |
||